Situación educativa de América Latina y el Caribe: garantizando la educación de calidad para todos. Informe regional de revisión y evaluación del progreso de America Latina y el Caribe hacia la educación para todos en el marco del proyecto regional de educación EPT-PRELAC 2007
Պահպանված է:
| Համատեղ հեղինակ: | |
|---|---|
| Ձևաչափ: | Գիրք |
| Լեզու: | իսպաներեն |
| Հրապարակվել է: |
Santiago
UNESCO
2008
|
| Խորագրեր: | |
| Ցուցիչներ: |
Ավելացրեք ցուցիչ
Չկան պիտակներ, Եղեք առաջինը, ով նշում է այս գրառումը!
|
MARC
| LEADER | 00000cam a2200000 a 4500 | ||
|---|---|---|---|
| 001 | UCF0966 | ||
| 003 | CL-VaPUC | ||
| 008 | 120614e20080800CL |||||||||||||||||spa|d | ||
| 020 | |a 9789568302764 | ||
| 082 | 0 | 4 | |a 370.115 |b UNE |2 21 |
| 110 | 2 | |a UNESCO |e author |9 562641 | |
| 245 | 1 | 0 | |a Situación educativa de América Latina y el Caribe: garantizando la educación de calidad para todos. Informe regional de revisión y evaluación del progreso de America Latina y el Caribe hacia la educación para todos en el marco del proyecto regional de educación EPT-PRELAC 2007 |
| 300 | |a 247 P | ||
| 942 | |c BK | ||
| 945 | |d 20120614 00:00:00 |a dcastane | ||
| 260 | |a Santiago |b UNESCO |c 2008 | ||
| 650 | 0 | |a Educación inclusiva |9 560584 | |
| 650 | 0 | |a Democratización de la educación |9 307986 | |
| 583 | |a last modification |c 20130325 04:39:32 |k Rodrigo Vera | ||
| 999 | |c 347998 |d 347996 | ||
| 952 | |0 0 |1 0 |4 0 |6 370_115000000000000_UNE_2008 |7 0 |8 A |9 449839 |a BIBEDU |b BIBEDU |d 2019-11-22 |i 4838823 |o 370.115 UNE 2008 |p 4838823 |r 2019-11-22 |w 2019-11-22 |y BK |k EPE | ||
| 952 | |0 0 |1 0 |4 0 |6 370_115000000000000_UNE_2008 |7 0 |8 A |9 449840 |a BIBEDU |b BIBEDU |d 2019-11-22 |i 4838815 |o 370.115 UNE 2008 |p 4838815 |r 2019-11-22 |w 2019-11-22 |y BK |k EPE | ||